| 000 | 00890nam a22002297a 4500 | ||
|---|---|---|---|
| 999 |
_c2699 _d2699 |
||
| 003 | AR-CdUCM | ||
| 008 | 190305b ||||| |||| 00| 0 spa d | ||
| 040 |
_aMUNICIPALIDAD PROVINCIAL DEL CUSCO _cBIBLIOTECA MUNICIPAL DEL CUSCO |
||
| 082 |
_a985.019 / _bH79 |
||
| 100 |
_aHowland Rowe, John _99466 |
||
| 245 |
_aLos Incas del Cuzco : _bSíglos XVI - XVII - XVIII / |
||
| 260 |
_aCusco : _bInstituto Nacional de Cultura , _c2003. |
||
| 300 |
_a418 páginas ; _c24 cm. |
||
| 505 | _aContenido: Movimiento Nacional en la Colonia -- Una relacion de los adoratorios de antiguo Cuzco -- Once Oraciones del Ritual del Zithuwa -- La Memoria de las Provincias -- Probanza de los Incas Nietos de Conquistadores... | ||
| 650 |
_aSiglo XVI _9326 |
||
| 650 |
_aSiglo XVII _92242 |
||
| 650 |
_aSiglo XVIII _9837 |
||
| 650 |
_aInca _9421 |
||
| 650 |
_aCusco _9772 |
||
| 942 |
_2ddc _cLIBROS |
||
| 945 | _artm | ||